Performance-related pay in Slovak and English local governments

Enregistré dans:
Détails bibliographiques
Auteur principal: Jacko, Tomáš, 1987-
Format: Chapitre de livre
Langue:anglais
Tags: Ajouter un tag
Pas de tags, Soyez le premier à ajouter un tag!

MARC

LEADER 00000naa$a2200000$$$4500
001 0185607
005 20240502083437.5
041 0 |a eng 
044 |a CZ 
245 1 0 |a Performance-related pay in Slovak and English local governments  |c Tomáš Jacko 
100 1 |a Jacko, Tomáš, 1987-